| 000 | 00995ngm a2200253 a 4500 | ||
|---|---|---|---|
| 005 | 20220317001247.0 | ||
| 008 | 160825s9999 xx g 000 0 spa | ||
| 082 | 0 | 4 |
_a781.63861 _bF85c |
| 110 | 2 |
_aFundación BAT. Colombia _967956 |
|
| 245 | 1 | 0 |
_aColombia en concierto _cFundación BAT _hgrabación sonora |
| 250 | _a1a. edición | ||
| 300 |
_a2 discos compactos (60 minutos) _bdigital, estereo _c12 cm |
||
| 500 | _aLos CD's suman un total de 35 canciones de diferentes fiestas populares colombianas | ||
| 650 | 1 | 4 |
_2LEMB _aMúsica colombiana _vDiscos compactos |
| 650 | 1 | 4 |
_2LEMB _aMúsica folclórica colombiana _vDiscos compactos |
| 650 | 1 | 4 |
_2LEMB _aMúsica popular colombiana _vDiscos compactos |
| 650 | 1 | 4 |
_2LEMB _aCanciones colombianas _vDiscos compactos |
| 942 |
_2ddc _cBK |
||
| 264 |
_aBogotá _bFundación BAT _c[s.f.] |
||
| 336 |
_atexto _btxt _2rdacontent |
||
| 337 |
_asin mediación _bn _2rdamedia |
||
| 338 |
_avolumen _bnc _2rdacarrier |
||
| 040 |
_aCO-BoRNBP _bspa _erda _cCO-BoRNBP |
||
| 999 |
_c6419 _d6419 |
||